Wastewater treatment: computer technologies in solving flotation tasks using Ksenofontov models (Запись № 12507760)

Подробности
000 -МАРКЕР
контрольное поле 02966nam0a2200373 4500
001 - ИДЕНТИФИКАТОР ЗАПИСИ
контрольное поле RU\NLR\BIBL_A\012877118
005 - ИДЕНТИФИКАТОР ВЕРСИИ
контрольное поле 20250624211243.0
010 ## - МЕЖДУНАРОДНЫЙ СТАНДАРТНЫЙ НОМЕР КНИГИ (ISBN)
Номер (ISBN) 978-5-907497-48-1
Тираж 1000
021 ## - НОМЕР ГОСУДАРСТВЕННОЙ РЕГИСТРАЦИИ
Код страны российская федерация
Номер 2022-38724
Номер Листа государственной регистраци КН-П-3346
035 ## - ДРУГИЕ СИСТЕМНЫЕ НОМЕРА
Идентификатор записи (RuMoRGB)011112938
035 ## - ДРУГИЕ СИСТЕМНЫЕ НОМЕРА
Идентификатор записи (NLR Aleph) 012877118
100 ## - ДАННЫЕ ОБЩЕЙ ОБРАБОТКИ
Данные общей обработки 20220829d2022 |||y0rusy50 ca
101 1# - ЯЗЫК РЕСУРСА
Язык текста, звукозаписи и т.д. английский
102 ## - СТРАНА ПУБЛИКАЦИИ ИЛИ ПРОИЗВОДСТВА
Страна публикации российская федерация
105 ## - ПОЛЕ КОДИРОВАННЫХ ДАННЫХ: ТЕКСТОВЫЕ МАТЕРИАЛЫ, МОНОГРАФИЧЕСКИЕ
Кодированные данные о монографическом текстовом документе a z 000zy
181 #0 - ПОЛЕ КОДИРОВАННЫХ ДАННЫХ: ВИД СОДЕРЖАНИЯ
Код вида содержания (ISBD) i
Код характеристики содержания (ISBD) axxe
182 #0 - ПОЛЕ КОДИРОВАННЫХ ДАННЫХ: ТИП СРЕДСТВА
Код типа средства (ISBD) n - непосредственное
200 1# - ЗАГЛАВИЕ И СВЕДЕНИЯ ОБ ОТВЕТСТВЕННОСТИ
Основное заглавие Wastewater treatment: computer technologies in solving flotation tasks using Ksenofontov models
Сведения, относящиеся к заглавию monograph
Первые сведения об ответственности Ksenofontov B. S., Titov K. V.
203 ## - ВИД СОДЕРЖАНИЯ И ТИП СРЕДСТВА
Вид содержания Текст
Дополнительные сведения об издании визуальный
Тип средства непосредственный
210 ## - ПУБЛИКАЦИЯ, РАСПРОСТРАНЕНИЕ И ДР.
Место издания, распространения и т.д. Москва
Имя издателя, распространителя и т. д. Научная библиотека
Дата издания, распространения и т.д. 2022
215 ## - ФИЗИЧЕСКАЯ ХАРАКТЕРИСТИКА
Специфическое обозначение материала и объем 261 с.
Другие сведения о физической характеристике ил.
Размеры 20
320 ## - ПРИМЕЧАНИЯ О НАЛИЧИИ В ДОКУМЕНТЕ БИБЛИОГРАФИИ / УКАЗАТЕЛЯ
Текст примечания Библиогр.: с. 255-260 (76 назв.)
330 ## - РЕЗЮМЕ ИЛИ РЕФЕРАТ
Текст примечания Очистка сточных вод является неотъемлемой частью практически любого технологического процесса, и поэтому данная дисциплина является универсальной для подготовки разработчиков различного уровня и всех направлений (бакалавров, магистров, аспирантов). Важнейшее место в этом направлении занимает флотация, эффективность из которых резко возрастает с использованием компьютерных технологий. Эти технологии в образовании, и особенно в такой важной области, как подготовка специалистов по очистке воды, уже стали сложными без систем компьютерной математики. В предлагаемом учебном пособии основной упор сделан на компьютерное изложение математических методов для практического решения проблемы очистки сточных вод методом флотации
541 1# - ПЕРЕВОД ЗАГЛАВИЯ, СДЕЛАННЫЙ КАТАЛОГИЗАТОРОМ
Заглавие Очистка сточных вод: компьютерные технологии в решении задач флотации с использованием моделей Ксенофонтова.
606 1# - НАИМЕНОВАНИЕ ТЕМЫ КАК ПРЕДМЕТ
Наименование темы Сточные воды
Тематический подзаголовок Очистка
-- Флотационные методы
Системный номер авторитетной/нормативной записи 1704168
Идентификатор авторитетной/нормативной записи RU\NLR\AUTH\661056794
675 ## - УНИВЕРСАЛЬНАЯ ДЕСЯТИЧНАЯ КЛАССИФИКАЦИЯ (UDC/УДК)
Индекс 628.1
Издание 4
686 1# - ИНДЕКСЫ ДРУГИХ КЛАССИФИКАЦИЙ
Индекс Н761.204.3
700 #1 - ИМЯ ЛИЦА - ПЕРВИЧНАЯ ОТВЕТСТВЕННОСТЬ
Графика поля Латинская
Материалы, к которым относится поле rus
Начальный элемент ввода Ksenofontov
Часть имени, кроме начального элемента ввода B. S.
Даты 1945-
Расширение инициалов личного имени Boris Semenovič
Системный номер авторитетной/нормативной записи 246222
Идентификатор авторитетной/нормативной записи RU\NLR\AUTH\770246278
701 #1 - ИМЯ ЛИЦА - АЛЬТЕРНАТИВНАЯ ОТВЕТСТВЕННОСТЬ
Графика поля Латинская
Материалы, к которым относится поле rus
Начальный элемент ввода Titov
Часть имени, кроме начального элемента ввода K. V.
Дополнения к именам, кроме дат канд. техн. наук
Даты 1946-
Расширение инициалов личного имени Konstantin Viktorovič
Системный номер авторитетной/нормативной записи 246218
Идентификатор авторитетной/нормативной записи RU\NLR\AUTH\770246274
942 ## - ДОПОЛНИТЕЛЬНЫЕ ЭЛЕМЕНТЫ ЗАПИСИ (АБИС)
Тип экземпляра АБИС Книга
980 ## - КОЛЛЕКЦИЯ
Название коллекции Национальная библиография
Экземпляры
Тип экземпляра Дата поступления Источник поступления Библиотека постоянного хранения Библиотека текущего хранения Место хранения Шифр хранения Штрих-код Статус не для выдачи
Книга 29.08.2022 Обязательный экземпляр РНБ (Московский) РНБ (Московский) Иностранный книжный фонд Ик 2022-3/320 1-3955657